European network for training in strategic prospective.

Zasadanie expertov v oblasti vzdelávania v novembri 1991 v Ispra, Taliansko, PROMPT - reprezentácie z univerzít, ekonomických škôl, manažmentských poradenských služieb, prognostických ústavov a vládnych agentúr. Perspektívne ciele a potreby vzdelávania v Európe pre zvýšenie konkurencieschopnosti v t...

Full description

Saved in:
Bibliographic Details
Main Author: Godet, M.
Other Authors: Bonnaure, P.
Format: Book Chapter
Language:English
Subjects:
Tags: Add Tag
No Tags, Be the first to tag this record!

MARC

LEADER 00000naa a2200000 4500
001 r009909
005 20221213084922.7
041 0 |a eng 
044 |a GB 
245 1 0 |a European network for training in strategic prospective.  |c M. Godet, P. Bonnaure 
520 |a Zasadanie expertov v oblasti vzdelávania v novembri 1991 v Ispra, Taliansko, PROMPT - reprezentácie z univerzít, ekonomických škôl, manažmentských poradenských služieb, prognostických ústavov a vládnych agentúr. Perspektívne ciele a potreby vzdelávania v Európe pre zvýšenie konkurencieschopnosti v tejto oblasti voči USA. 
610 2 0 |a vzdelávanie 
610 2 0 |a Európa 
610 2 0 |a USA 
610 2 0 |a 1991 
610 2 0 |a konkurencieschopnosť 
610 2 0 |a prognózy 
610 2 0 |a riadenie strategické 
610 2 0 |a riadenie hospodárske 
100 1 |a Godet, M. 
700 1 |a Bonnaure, P.